书目信息 |
| 题名: |
房地产蓝皮书
|
|
| 作者: | 魏后凯 , 李景国 主编 | |
| 分册: | No.12 (2015) | |
| 出版信息: | 北京 社会科学文献出版社 2015.05 |
|
| 页数: | 354页 | |
| 开本: | 24cm | |
| 丛书名: | 皮书系列 | |
| 单 册: | ||
| 中图分类: | F299.233 | |
| 科图分类: | ||
| 主题词: | 房地产业--fang di chan ye--经济发展--研究报告--中国--2015 | |
| 电子资源: | ||
| ISBN: | 978-7-5097-7396-3 | |
| 000 | 01519nam 2200349 450 | |
| 001 | 0100195297 | |
| 005 | 20201117083126.30 | |
| 010 | @a978-7-5097-7396-3@dCNY79.00 | |
| 100 | @a20150512d2015 em y0chiy50 ea | |
| 101 | 0 | @achi@deng@eeng |
| 102 | @aCN@b110000 | |
| 105 | @aak a 000yy | |
| 106 | @ar | |
| 200 | 1 | @a房地产蓝皮书@Afang di chan lan pi shu@e中国房地产发展报告No 12(2015)@hNo.12 (2015)@d= Annual report on the development of China's real estate@hNo.12 (2015)@f魏后凯, 李景国主编@Fwei hou kai , li jing guo zhu bian@zeng |
| 210 | @a北京@c社会科学文献出版社@d2015.05 | |
| 215 | @a354页@c图@d24cm@e2015年皮书系列1册 (26页 ; 22cm) | |
| 225 | 2 | @a皮书系列@Api shu xi lie |
| 300 | @a中国社会科学院创新工程学术出版资助项目 皮书系列为“十二五”国家重点图书出版规划项目 房地产蓝皮书 2014版 | |
| 320 | @a有书目 | |
| 330 | @a全书分为总报告、土地篇、金融与企业篇、市场篇、管理篇、区域篇、国际借鉴篇和热点篇。 | |
| 410 | 0 | @12001 @a皮书系列 |
| 510 | 1 | @aAnnual report on the development of China's real estate@hNo.12(2015)@zeng |
| 516 | 1 | @a2015房地产蓝皮书@A2015 fang di chan lan pi shu |
| 517 | @a中国房地产发展报告No 12(2015)@Azhong guo fang di chan fa zhan bao gao No 12(2015) | |
| 540 | @a中国房地产发展报告 | |
| 606 | 0 | @a房地产业@Afang di chan ye@x经济发展@x研究报告@y中国@z2015 |
| 690 | @aF299.233@v5 | |
| 701 | 0 | @a魏后凯@Awei hou kai@4主编 |
| 701 | 0 | @a李景国@Ali jing guo@4主编 |
| 801 | @aCN | |
| 901 | @a21 | |
| 905 | @a河南城建学院图书馆@b1294289-91@dF299.233@eW586@f3 | |
| 房地产蓝皮书:中国房地产发展报告No 12(2015).No.12 (2015)= Annual report on the development of China's real estate.No.12 (2015)/魏后凯, 李景国主编.-北京:社会科学文献出版社,2015.05 |
| 354页:图;24cm+2015年皮书系列1册 (26页 ; 22cm).-(皮书系列) |
| 中国社会科学院创新工程学术出版资助项目 皮书系列为“十二五”国家重点图书出版规划项目 房地产蓝皮书 2014版 |
| ISBN 978-7-5097-7396-3:CNY79.00 |
| 全书分为总报告、土地篇、金融与企业篇、市场篇、管理篇、区域篇、国际借鉴篇和热点篇。 |
| ● |
| 相关链接 |
|
|
|
正题名:房地产蓝皮书
索取号:F299.233/W586
 
预约/预借
| 序号 | 登录号 | 条形码 | 馆藏地/架位号 | 状态 | 备注 |
| 1 | 1294289 | 212942891 | 社科库409/409社科库 31排1列3层/ [索取号:F299.233/W586] | 在馆 | |
| 2 | 1294290 | 212942907 | 社科二线422/409社科库 31排1列4层/ [索取号:F299.233/W586] | 在馆 | |
| 3 | 1294291 | 212942914 | 社科库409/409社科库 31排1列3层/ [索取号:F299.233/W586] | 在馆 |